[Event "Stay Safe Play From Home 295"]
[Site "Emanuel Lasker Arena"]
[Date "2020.07.12"]
[Round "1"]
[White "Mepe_Nika"]
[Black "Patzeroglu"]
[Result "1-0"]
[WhiteElo "2353"]
[BlackElo "1792"]
[Annotator "TA"]
[PlyCount "45"]
[EventDate "2020.07.12"]
[EventType "swiss (blitz)"]

{[%evp 15,45,8,24,0,92,5,133,0,10,11,5,7,376,102,268,79,102,96,104,89,134,126,122,99,224,223,204,215,390,317,29985,29986]} 1. d4 e6 2. Bf4 Nf6 3. e3 Be7 4. c4 O-O 5. Nc3 c6 6. Nf3 d5 7. Qc2 Nbd7 8. h3 a6 9. c5 {D37: Queen's Gambit Declined: 5 Bf4.} b5 (9... b6 $11) 10. cxb6 {[#]} ({White should play} 10. Bd3 $16) 10... c5 $146 (10... Qxb6 $11 {keeps the balance.} 11. Bd3 c5) ({Predecessor:} 10... Qxb6 11. Be2 c5 12. O-O cxd4 13. Na4 Qa7 14. exd4 Bb7 15. Rfc1 a5 16. Qd3 Rac8 {1-0 (43) Bogachkov,V (2099)-Gharagyozyan,A (2148) Sochi 2017}) 11. Bd3 (11. Bc7 $16 Qe8 12. Be2) 11... Nxb6 12. dxc5 Bxc5 13. O-O d4 $2 {[%mdl 8192] [#]} (13... Bb7 $11 {and Black stays safe.}) 14. exd4 $2 (14. Ne4 $1 $18) 14... Bxd4 $2 (14... Be7 $16) 15. Nxd4 $2 (15. Rad1 $18 Bxc3 {[#]} 16. Bxh7+ $1 {[%mdl 576] Discovered Attack} (16. bxc3 Bd7 $16) (16. Qxc3 Nbd5 $14) 16... Nxh7 17. Rxd8 Rxd8 18. bxc3) 15... Qxd4 $16 16. Be3 Qd8 17. Rfd1 $36 {[%mdl 2048] Black must now prevent Bxh7+! White has strong initiative.} Nbd5 18. Nxd5 exd5 19. Bg5 {Hoping for Bxh7+!} Be6 {[#]} (19... h6 $16 20. Be3 Re8) 20. Bxh7+ $1 $18 {[%mdl 512]} Kh8 (20... Nxh7 21. Bxd8) 21. Bd3 Rc8 $2 (21... Qd6 22. Qe2 Bc8) 22. Qe2 Qb6 $2 (22... Rc6 $18 23. Bxa6 d4) 23. Bxf6 {Accuracy: White = 46%, Black = 13%.} 1-0

[Event "Stay Safe Play From Home 295"]
[Site "Emanuel Lasker Arena"]
[Date "2020.07.12"]
[Round "1"]
[White "SoulofWolf"]
[Black "Klasman"]
[Result "1-0"]
[WhiteElo "2238"]
[BlackElo "1373"]
[Annotator "TA"]
[PlyCount "31"]
[EventDate "2020.07.12"]
[EventType "swiss (blitz)"]

{[%evp 9,31,19,56,9,8,-398,77,9,83,0,4,0,36,43,77,-37,-12,-46,0,-80,-9,-66,0,-63]} 1. e4 f5 2. Nc3 fxe4 3. Nxe4 Nf6 4. Ng3 d5 {[#]} 5. Nf3 $146 ({Predecessor:} 5. d4 Nc6 6. Bg5 e5 7. dxe5 Nxe5 8. Bxf6 Qxf6 9. Qxd5 Be6 10. Qxb7 Rd8 11. Bb5+ {1-0 (28) Gallegos Gomez,J (1756)-Luke Brezmes,C (2079) Vilafranca del Penedes 2013}) 5... c5 6. d4 {A00: Irregular Openings.} Nc6 7. Bb5 $2 {[%mdl 8192]} (7. c3 $11) 7... cxd4 $2 {[#]} (7... Qa5+ $19 8. c3 Qxb5) 8. Nxd4 (8. O-O $1 $16) 8... Qb6 (8... Bd7 $11) 9. Bxc6+ (9. O-O $16) 9... bxc6 $11 10. O-O c5 11. Ndf5 g6 12. Nh4 (12. Nh6 $16) 12... Bg4 13. f3 Be6 14. Be3 (14. f4 $11 {keeps the balance.}) 14... d4 (14... Bg7 $17) 15. Bf2 (15. Bg5 $11) 15... Bf7 ({Better is} 15... Bg7 $15 16. Re1 Nd5) 16. Re1 {[%mdl 32768] Accuracy: White = 11%, Black =  2%. . Loss on time!?} (16. c3 $11) 1-0

[Event "Stay Safe Play From Home 295"]
[Site "Emanuel Lasker Arena"]
[Date "2020.07.12"]
[Round "1"]
[White "Haxhi Baha"]
[Black "W Nelles"]
[Result "1-0"]
[WhiteElo "2002"]
[BlackElo "1084"]
[PlyCount "81"]
[EventDate "2020.07.12"]
[EventType "swiss (blitz)"]

1. e4 {[%emt 0:00:01]} e5 {[%emt 0:00:01]} 2. f4 {[%emt 0:00:01]} Nc6 {[%emt 0:00:01]} 3. Nf3 {[%emt 0:00:02]} exf4 {[%emt 0:00:01]} 4. d4 {[%emt 0:00:01]} Nf6 {[%emt 0:00:01]} 5. e5 {[%emt 0:00:01]} Nd5 {[%emt 0:00:02]} 6. c4 {[%emt 0:00:01]} Nb6 {[%emt 0:00:02]} 7. Bxf4 {[%emt 0:00:01]} Bb4+ {[%emt 0:00:02]} 8. Nc3 {[%emt 0:00:01]} O-O {[%emt 0:00:02]} 9. Bd3 {[%emt 0:00:03]} Bxc3+ {[%emt 0:00:01]} 10. bxc3 {[%emt 0:00:01]} d6 {[%emt 0:00:01]} 11. exd6 {[%emt 0:00:03]} Bg4 {[%emt 0:00:01]} 12. dxc7 {[%emt 0:00:03]} Qe7+ {[%emt 0:00:01]} 13. Kf2 {[%emt 0:00:02]} Rac8 {[%emt 0:00:01]} 14. Re1 {[%emt 0:00:04]} Qf6 {[%emt 0:00:02]} 15. Qd2 {[%emt 0:00:05]} Bxf3 {[%emt 0:00:01]} 16. gxf3 {[%emt 0:00:02]} Ne7 {[%emt 0:00:03]} 17. Rg1 {[%emt 0:00:02]} Ng6 {[%emt 0:00:02]} 18. Rg4 {[%emt 0:00:06]} Nxf4 {[%emt 0:00:01]} 19. Qxf4 {[%emt 0:00:02]} Qxf4 {[%emt 0:00:01]} 20. Rxf4 {[%emt 0:00:00]} Rxc7 {[%emt 0:00:01]} 21. Rb1 {[%emt 0:00:00]} Re7 {[%emt 0:00:01]} 22. c5 {[%emt 0:00:01]} Nd5 {[%emt 0:00:03]} 23. Rh4 {[%emt 0:00:00]} Nf6 {[%emt 0:00:03]} 24. c4 {[%emt 0:00:02]} Rfe8 {[%emt 0:00:01]} 25. d5 {[%emt 0:00:01]} g6 {[%emt 0:00:01]} 26. d6 {[%emt 0:00:01]} Rd7 {[%emt 0:00:02]} 27. Be4 {[%emt 0:00:02]} Nxe4+ {[%emt 0:00:01]} 28. Rxe4 {[%emt 0:00:01]} Rxe4 {[%emt 0:00:01]} 29. fxe4 {[%emt 0:00:00]} f5 {[%emt 0:00:01]} 30. e5 {[%emt 0:00:01]} Kf7 {[%emt 0:00:02]} 31. Ke3 {[%emt 0:00:00]} Ke6 {[%emt 0:00:01]} 32. Kd4 {[%emt 0:00:00]} f4 {[%emt 0:00:01]} 33. Ke4 {[%emt 0:00:02]} g5 {[%emt 0:00:01]} 34. h4 {[%emt 0:00:00]} h6 {[%emt 0:00:01]} 35. hxg5 {[%emt 0:00:00]} hxg5 {[%emt 0:00:02]} 36. Rg1 {[%emt 0:00:00]} Kf7 {[%emt 0:00:02]} 37. Rxg5 {[%emt 0:00:01]} Rd8 {[%emt 0:00:02]} 38. Kd5 {[%emt 0:00:01]} Rg8 {[%emt 0:00:02]} 39. Rf5+ {[%emt 0:00:00]} Ke8 {[%emt 0:00:02]} 40. Rxf4 {[%emt 0:00:00]} Rg6 {[%emt 0:00:01]} 41. c6 {[%emt 0:00:00] Zeit (Lag: Av=0.82s, max=1.3s)} 1-0

[Event "Stay Safe Play From Home 295"]
[Site "Emanuel Lasker Arena"]
[Date "2020.07.12"]
[Round "1"]
[White "Cirovicz"]
[Black "Broken sword"]
[Result "0-1"]
[WhiteElo "1914"]
[BlackElo "2519"]
[Annotator "TA"]
[PlyCount "82"]
[EventDate "2020.07.12"]
[EventType "swiss (blitz)"]

{[%evp 9,81,-30,-38,-65,-59,-104,-104,-107,-100,-114,-106,-325,-325,-327,-330,-306,-159,-818,-561,-671,-220,-159,-230,-408,-387,-361,-364,-346,-262,-255,-262,-251,-218,-292,-199,-200,-200,-226,-215,-197,-200,-254,-256,-484,-484,-2055,-2030,-29991,-365,-1140,-1110,-1139,-1138,-1097,-1085,-1085,-998,-1118,-1098,-29988,-29978,-29985,-29986,-29990,-29990,-29991,-29992,-29992,-29993,-29993,-29991,-29998,-29999,-29999]} 1. e4 c5 2. Nf3 e6 3. Bc4 a6 4. b3 d5 5. exd5 exd5 {[#]} 6. Bd3 $146 {B40: Sicilian: 2...e6, Unusual lines.} ({Predecessor:} 6. Be2 Nc6 7. Bb2 Nf6 8. d4 Bg4 9. h3 Bh5 10. O-O Be7 11. Ne5 Bxe2 12. Qxe2 {0-1 (45) Kubat,Z-Kopp,L (1695) Klatovy 2000}) 6... Nf6 7. Qe2+ Be7 $1 8. O-O {Black is better.} Nc6 9. Re1 O-O 10. Ne5 $2 (10. Qd1 $17) 10... Nxe5 $1 $19 11. Qxe5 Bd6 12. Qg5 h6 (12... Re8 $19 13. Rxe8+ Qxe8) 13. Qe3 $2 (13. Qh4 $17) 13... Bd7 14. Qf3 Bc6 $2 (14... Bg4 15. Bh7+ Kh8) 15. Bb2 d4 16. Qd1 $2 (16. Qh3 {was called for.}) 16... Qc7 17. g3 Rfe8 18. Na3 Rxe1+ 19. Qxe1 Re8 20. Qf1 b5 {[%cal Bb7b5,Bb5b4][%mdl 32]} 21. c4 {[%cal Rc4b5]} b4 22. Nc2 Bb7 23. a3 {intending axb4.} Qc6 {[%csl Gb7][%cal Rc6h1]} 24. f3 {White wants to play axb4.} a5 $40 {[%cal Ba6a5,Ba5b4][%mdl 160] Black goes for the king.} ({And not} 24... Qxf3 25. Qxf3 Bxf3 26. axb4 $14) 25. axb4 axb4 26. Bxd4 $2 (26. Re1) 26... cxd4 27. Nxd4 (27. Ne1 $142) 27... Bc5 28. Qf2 Qxf3 $2 (28... Bxd4 {mates} 29. Be4 Bxf2+ 30. Kg2 Nxe4 31. d4 Bxd4 32. Re1 {[#]} Ng5 $1 {[%mdl 512]} 33. Re4 Nxe4 34. h4 Ng5 $1 {[%mdl 512]} 35. hxg5 Qxf3+ {[%mdl 64] Double Attack} 36. Kh3 Qh5#) 29. Qxf3 $2 (29. Nxf3 Bxf2+ 30. Kxf2 Ng4+ 31. Kg1 Bxf3 32. Bf1) 29... Bxf3 30. Kf2 Bxd4+ 31. Kxf3 Bxa1 32. c5 Be5 33. Bc4 Bd4 34. d3 Bxc5 {Black mates.} 35. h4 g5 36. g4 gxh4 37. Kg2 Re3 38. d4 Bxd4 39. g5 Rg3+ 40. Kh2 Ng4+ 41. Kh1 Rg1# {White got outplayed after the opening. Accuracy: White = 30%, Black = 48%.} 0-1

[Event "Stay Safe Play From Home 295"]
[Site "Emanuel Lasker Arena"]
[Date "2020.07.12"]
[Round "1"]
[White "Parth11"]
[Black "Bardellosport"]
[Result "0-1"]
[WhiteElo "1361"]
[BlackElo "1985"]
[Annotator "NA"]
[PlyCount "130"]
[EventDate "2020.07.12"]
[EventType "swiss (blitz)"]

1. e4 {[%emt 0:00:02]} a6 {[%emt 0:00:02]} 2. Nf3 {[%emt 0:00:01]} b5 {[%emt 0:00:00]} 3. Nc3 {[%emt 0:00:01]} Bb7 {[%emt 0:00:00]} 4. d3 {[%emt 0:00:01]} e6 {[%emt 0:00:00]} 5. Be3 {[%emt 0:00:00]} Nf6 {[%emt 0:00:01]} 6. Be2 {[%emt 0:00:02]} Be7 {[%emt 0:00:00]} 7. Qd2 {[%emt 0:00:01]} d5 {[%emt 0:00:01]} 8. exd5 {[%emt 0:00:01]} Nxd5 {[%emt 0:00:01]} 9. d4 {[%emt 0:00:00]} Bc6 {[%emt 0:00:01]} 10. b3 {[%emt 0:00:00]} Nxc3 {[%emt 0:00:01]} 11. Qxc3 {[%emt 0:00:00]} Bb7 {[%emt 0:00:00]} 12. a3 {[%emt 0:00:01]} Nd7 {[%emt 0:00:01]} 13. b4 {[%emt 0:00:01]} Nb6 {[%emt 0:00:01]} 14. Bd3 {[%emt 0:00:00]} Nd5 {[%emt 0:00:01]} 15. Qb2 {[%emt 0:00:02]} Bf6 {[%emt 0:00:01]} 16. h3 {[%emt 0:00:03]} O-O {[%emt 0:00:01]} 17. O-O-O {[%emt 0:00:05]} Nxe3 {[%emt 0:00:01]} 18. fxe3 {[%emt 0:00:02]} Bd5 {[%emt 0:00:00]} 19. e4 {[%emt 0:00:03]} Bc4 {[%emt 0:00:01]} 20. e5 {[%emt 0:00:01]} Be7 {[%emt 0:00:01]} 21. Bxc4 {[%emt 0:00:01]} bxc4 {[%emt 0:00:00]} 22. Qc3 {[%emt 0:00:01]} a5 {[%emt 0:00:01]} 23. b5 {[%emt 0:00:02]} f6 {[%emt 0:00:02]} 24. Qxc4 {[%emt 0:00:02]} Qc8 {[%emt 0:00:03]} 25. Rde1 {[%emt 0:00:04]} fxe5 {[%emt 0:00:01]} 26. Rxe5 {[%emt 0:00:00]} Bf6 {[%emt 0:00:01]} 27. Qxe6+ {[%emt 0:00:03]} Qxe6 {[%emt 0:00:01]} 28. Rxe6 {[%emt 0:00:00]} Rad8 {[%emt 0:00:01]} 29. Rhe1 {[%emt 0:00:03]} Bxd4 {[%emt 0:00:02]} 30. Nxd4 {[%emt 0:00:02]} Rxd4 {[%emt 0:00:00]} 31. Re8 {[%emt 0:00:00]} Rd8 {[%emt 0:00:01]} 32. Rxd8 {[%emt 0:00:01]} Rxd8 {[%emt 0:00:01]} 33. Re7 {[%emt 0:00:05]} Rd5 {[%emt 0:00:02]} 34. Rxc7 {[%emt 0:00:00]} Rxb5 {[%emt 0:00:01]} 35. Rc8+ {[%emt 0:00:01]} Kf7 {[%emt 0:00:01]} 36. Rc3 {[%emt 0:00:00]} a4 {[%emt 0:00:01]} 37. Rd3 {[%emt 0:00:00]} Rg5 {[%emt 0:00:02]} 38. Kd2 {[%emt 0:00:00]} Kg6 {[%emt 0:00:01]} 39. Kc3 {[%emt 0:00:00]} Rxg2 {[%emt 0:00:01]} 40. Rd4 {[%emt 0:00:01]} Rh2 {[%emt 0:00:01]} 41. Kb4 {[%emt 0:00:01]} Rxh3 {[%emt 0:00:01]} 42. Kxa4 {[%emt 0:00:00]} h5 {[%emt 0:00:02]} 43. Kb4 {[%emt 0:00:01]} Rh1 {[%emt 0:00:01]} 44. a4 {[%emt 0:00:00]} Rb1+ {[%emt 0:00:00]} 45. Ka5 {[%emt 0:00:00]} h4 {[%emt 0:00:01]} 46. Ka6 {[%emt 0:00:00]} h3 {[%emt 0:00:01]} 47. a5 {[%emt 0:00:00]} h2 {[%emt 0:00:01]} 48. Rh4 {[%emt 0:00:00]} h1=Q {[%emt 0:00:00]} 49. Rxh1 {[%emt 0:00:00]} Rxh1 {[%emt 0:00:00]} 50. Ka7 {[%emt 0:00:00]} Rh8 {[%emt 0:00:00]} 51. a6 {[%emt 0:00:00]} Kf5 {[%emt 0:00:00]} 52. Kb7 {[%emt 0:00:00]} Ke5 {[%emt 0:00:00]} 53. a7 {[%emt 0:00:00]} Kd4 {[%emt 0:00:00]} 54. a8=Q {[%emt 0:00:01]} Rxa8 {[%emt 0:00:01]} 55. Kxa8 {[%emt 0:00:00]} g5 {[%emt 0:00:00]} 56. Kb7 {[%emt 0:00:00]} g4 {[%emt 0:00:01]} 57. Kc6 {[%emt 0:00:00]} Kc3 {[%emt 0:00:01]} 58. Kb5 {[%emt 0:00:00]} g3 {[%emt 0:00:00]} 59. Kc5 {[%emt 0:00:00]} g2 {[%emt 0:00:00]} 60. Kd5 {[%emt 0:00:00]} g1=Q {[%emt 0:00:00]} 61. Ke6 {[%emt 0:00:01]} Qc1 {[%emt 0:00:00]} 62. Ke7 {[%emt 0:00:00]} Qxc2 {[%emt 0:00:00]} 63. Kf7 {[%emt 0:00:00]} Qd3 {[%emt 0:00:00]} 64. Kf6 {[%emt 0:00:00]} Kc2 {[%emt 0:00:00]} 65. Kf7 {[%emt 0:00:00]} Qc3 {[%emt 0:00:00] Time (Lag: Av=0.62s, max=1.9s)} 0-1

[Event "Stay Safe Play From Home 295"]
[Site "Emanuel Lasker Arena"]
[Date "2020.07.12"]
[Round "2"]
[White "Mepe_Nika"]
[Black "SoulofWolf"]
[Result "1-0"]
[WhiteElo "2354"]
[BlackElo "2238"]
[Annotator "TA"]
[PlyCount "55"]
[EventDate "2020.07.12"]
[EventType "swiss (blitz)"]

{[%evp 15,55,17,23,24,39,9,24,17,20,27,42,9,104,71,86,65,59,32,359,345,341,245,325,125,107,118,97,101,287,280,314,79,397,387,439,237,291,243,235,241,2317,2083]} 1. d4 d6 2. Bf4 Nf6 3. e3 Nbd7 4. Nf3 g6 5. h3 Bg7 6. c4 O-O 7. Nc3 Re8 8. Be2 e5 9. dxe5 {E61: King's Indian: Early deviations for White, including Smyslov System.} dxe5 10. Bh2 c6 11. O-O {White has an edge.} Qe7 12. Qc2 h6 13. Rfd1 {[#]} g5 $146 (13... a5 $11) ({Predecessor:} 13... Kh7 14. Rab1 e4 15. Nd4 a6 16. b4 Ng8 17. c5 Be5 18. Bxe5 Qxe5 19. Bc4 Kg7 {0-1 (37) Vangsgaard,B (2034)-Triger,R (2215) Prague 2016}) 14. Rd2 g4 15. hxg4 Nxg4 16. Bg3 $36 {[%mdl 2048] White fights for an advantage.} f6 $2 {[%mdl 8192]} (16... Nc5 $14) 17. Nh4 Nf8 18. Rad1 h5 19. Ng6 $2 (19. Ne4 $18 {has better winning chances.}) 19... Qf7 $16 {[#]} 20. Nxf8 $1 Rxf8 21. Ne4 {Hoping for Nd6.} Be6 $2 (21... f5 $16) 22. Nd6 $18 Qe7 {and the idea ...f5 leaves Black hopeful.} 23. c5 $2 (23. Qg6 $18 {and White stays clearly on top.}) 23... Rad8 $2 {[%mdl 8192]} (23... f5 $16) 24. Bc4 Kh8 25. b4 (25. Bxe6 $142 Qxe6 {[#]} 26. Nf7+ $1 {[%mdl 576] Discovered Attack} Qxf7 27. Rxd8) 25... Rd7 26. Bxe6 Qxe6 27. Qg6 f5 $2 (27... Bh6 28. Qxh5 Rh7) 28. Qxe6 {Accuracy: White = 44%, Black = 28%.} 1-0

[Event "Stay Safe Play From Home 295"]
[Site "Emanuel Lasker Arena"]
[Date "2020.07.12"]
[Round "2"]
[White "Bardellosport"]
[Black "Broken sword"]
[Result "0-1"]
[WhiteElo "1986"]
[BlackElo "2521"]
[Annotator "TA"]
[PlyCount "60"]
[EventDate "2020.07.12"]
[EventType "swiss (blitz)"]

{[%evp 9,60,-35,-26,-34,-20,-37,-20,-25,-2,-13,-15,-188,-16,-16,-12,-29,-28,-20,-23,-20,-14,-15,-14,-19,0,-34,-15,-40,-20,-48,-2,-67,0,0,0,-80,-84,-664,-655,-660,-669,-1374,-1164,-1142,-1120,-1881,-1596,-5809,-5689,-6269,-6299,-4870,-1590]} 1. d4 d5 2. e3 c5 3. f4 Nc6 4. c3 cxd4 5. exd4 Bf5 6. Nf3 {D00: 1 d4 d5: Unusual lines.} Nf6 7. Bd3 Bxd3 8. Qxd3 {The position is equal.} Ne4 9. Qe2 {[#]} e6 $146 ({Predecessor:} 9... h6 10. Nbd2 f5 11. Nh4 e6 12. Ng6 Rg8 13. Nxf8 Kxf8 14. Nf3 a6 15. g3 Qe8 {½-½ (42) Tefs,A (1694)-Augustat,S (1729) Lindow 2003}) 10. Ne5 $2 (10. O-O $11) 10... Bd6 $2 (10... Qh4+ $19 11. g3 {[#]} Nxg3 $1 {[%mdl 576] Double Attack, Pin}) 11. O-O $11 O-O 12. Nd2 f5 13. Nxe4 fxe4 14. Be3 Bxe5 15. fxe5 Qe7 16. Qg4 a6 17. a3 b5 18. Bh6 {[#] Bxg7! is the strong threat.} Na5 19. Bg5 Qd7 20. Bh6 ({White should try} 20. Rf6 $1 $11) 20... Nc4 (20... Kh8 $15 21. Bg5 Nc4) 21. b3 Na5 22. Rxf8+ (22. Bxg7 $1 $11 Qxg7 23. Qxe6+ {[%mdl 64] Double Attack} Kh8 24. Qxd5) 22... Rxf8 $17 23. Qd1 $2 {[%mdl 8192]} (23. Rb1 $17) 23... gxh6 $19 {Black is clearly winning.} 24. Qg4+ Kh8 25. c4 bxc4 26. bxc4 Nxc4 27. Rc1 Qf7 {( -> ...Qf2+)} 28. Qe2 e3 29. h3 Qf2+ 30. Qxf2 Rxf2 {Accuracy: White = 39%, Black = 70%.} (30... exf2+ $142 31. Kf1 Ne3+ 32. Ke2 f1=Q+ 33. Rxf1 Nxf1) 0-1

[Event "Stay Safe Play From Home 295"]
[Site "Emanuel Lasker Arena"]
[Date "2020.07.12"]
[Round "2"]
[White "Patzeroglu"]
[Black "Haxhi Baha"]
[Result "1-0"]
[WhiteElo "1791"]
[BlackElo "2003"]
[PlyCount "61"]
[EventDate "2020.07.12"]
[EventType "swiss (blitz)"]

1. e4 {[%emt 0:00:02]} e6 {[%emt 0:00:01]} 2. d4 {[%emt 0:00:04]} d5 {[%emt 0:00:00]} 3. Nc3 {[%emt 0:00:00]} Nf6 {[%emt 0:00:02]} 4. Bg5 {[%emt 0:00:04]} Be7 {[%emt 0:00:01]} 5. e5 {[%emt 0:00:01]} Nfd7 {[%emt 0:00:01]} 6. Bxe7 {[%emt 0:00:00]} Qxe7 {[%emt 0:00:00]} 7. f4 {[%emt 0:00:00]} a6 {[%emt 0:00:00]} 8. Nf3 {[%emt 0:00:01]} c5 {[%emt 0:00:00]} 9. Bd3 {[%emt 0:00:01]} Nc6 {[%emt 0:00:00]} 10. O-O {[%emt 0:00:01]} cxd4 {[%emt 0:00:01]} 11. Ne2 {[%emt 0:00:01]} Qc5 {[%emt 0:00:01]} 12. f5 {[%emt 0:00:18]} exf5 {[%emt 0:00:01]} 13. Qe1 {[%emt 0:00:05]} O-O {[%emt 0:00:02]} 14. Qh4 {[%emt 0:00:01]} Ndxe5 {[%emt 0:00:03]} 15. Ng5 {[%emt 0:00:02]} h6 {[%emt 0:00:01]} 16. Rxf5 {[%emt 0:00:00]} Nxd3 {[%emt 0:00:03]} 17. Rxf7 {[%emt 0:00:01]} Rxf7 {[%emt 0:00:01]} 18. Nxf7 {[%emt 0:00:01]} Kxf7 {[%emt 0:00:01]} 19. Rf1+ {[%emt 0:00:00]} Kg8 {[%emt 0:00:02]} 20. cxd3 {[%emt 0:00:00]} Be6 {[%emt 0:00:01]} 21. Nf4 {[%emt 0:00:00]} Re8 {[%emt 0:00:05]} 22. Nh5 {[%emt 0:00:00]} Bf7 {[%emt 0:00:02]} 23. Nxg7 {[%emt 0:00:01]} Kxg7 {[%emt 0:00:01]} 24. Qf6+ {[%emt 0:00:01]} Kg8 {[%emt 0:00:08]} 25. Qxf7+ {[%emt 0:00:00]} Kh8 {[%emt 0:00:01]} 26. Qxe8+ {[%emt 0:00:01]} Kh7 {[%emt 0:00:02]} 27. Rf7+ {[%emt 0:00:00]} Kg6 {[%emt 0:00:01]} 28. Qe6+ {[%emt 0:00:00]} Kg5 {[%emt 0:00:02]} 29. Rf5+ {[%emt 0:00:00]} Kg4 {[%emt 0:00:02]} 30. Qg6+ {[%emt 0:00:01]} Kh4 {[%emt 0:00:02]} 31. Rh5# {[%emt 0:00:00] (Lag: Av=1.77s, max=6.0s)} 1-0

[Event "Stay Safe Play From Home 295"]
[Site "Emanuel Lasker Arena"]
[Date "2020.07.12"]
[Round "2"]
[White "Justwatch"]
[Black "Cirovicz"]
[Result "0-1"]
[WhiteElo "1641"]
[BlackElo "1913"]
[PlyCount "74"]
[EventDate "2020.07.12"]
[EventType "swiss (blitz)"]

1. e4 {[%emt 0:00:03]} e6 {[%emt 0:00:01]} 2. Nf3 {[%emt 0:00:01]} d6 {[%emt 0:00:00]} 3. d4 {[%emt 0:00:01]} Bd7 {[%emt 0:00:00]} 4. Bd3 {[%emt 0:00:01]} Be7 {[%emt 0:00:01]} 5. Bg5 {[%emt 0:00:00]} Bxg5 {[%emt 0:00:01]} 6. Nxg5 {[%emt 0:00:00]} Qxg5 {[%emt 0:00:01]} 7. h3 {[%emt 0:00:00]} Qxg2 {[%emt 0:00:01]} 8. Rf1 {[%emt 0:00:01]} Qxh3 {[%emt 0:00:01]} 9. Nd2 {[%emt 0:00:00]} Nf6 {[%emt 0:00:01]} 10. f3 {[%emt 0:00:00]} Bc6 {[%emt 0:00:01]} 11. Qe2 {[%emt 0:00:00]} Qg3+ {[%emt 0:00:01]} 12. Rf2 {[%emt 0:00:02]} e5 {[%emt 0:00:02]} 13. Nf1 {[%emt 0:00:00]} Qh4 {[%emt 0:00:02]} 14. d5 {[%emt 0:00:00]} Bd7 {[%emt 0:00:01]} 15. O-O-O {[%emt 0:00:01]} Na6 {[%emt 0:00:02]} 16. Ne3 {[%emt 0:00:00]} Nc5 {[%emt 0:00:01]} 17. Rh2 {[%emt 0:00:03]} Nxd3+ {[%emt 0:00:03]} 18. Rxd3 {[%emt 0:00:02]} Qg5 {[%emt 0:00:01]} 19. c3 {[%emt 0:00:06]} Qf4 {[%emt 0:00:02]} 20. Kc2 {[%emt 0:00:01]} g5 {[%emt 0:00:01]} 21. Rg2 {[%emt 0:00:01]} Nxe4 {[%emt 0:00:01]} 22. fxe4 {[%emt 0:00:06]} Qxe4 {[%emt 0:00:01]} 23. Kd2 {[%emt 0:00:02]} Bf5 {[%emt 0:00:01]} 24. Nxf5 {[%emt 0:00:04]} Qxf5 {[%emt 0:00:01]} 25. Rf3 {[%emt 0:00:00]} Qg6 {[%emt 0:00:01]} 26. Rfg3 {[%emt 0:00:01]} h6 {[%emt 0:00:01]} 27. Qg4 {[%emt 0:00:01]} f5 {[%emt 0:00:01]} 28. Qh3 {[%emt 0:00:02]} O-O-O {[%emt 0:00:01]} 29. Rf2 {[%emt 0:00:00]} Rdf8 {[%emt 0:00:01]} 30. Qg2 {[%emt 0:00:02]} Kb8 {[%emt 0:00:01]} 31. Qg1 {[%emt 0:00:00]} e4 {[%emt 0:00:01]} 32. Re2 {[%emt 0:00:01]} f4 {[%emt 0:00:01]} 33. Rge3 {[%emt 0:00:00]} fxe3+ {[%emt 0:00:01]} 34. Qxe3 {[%emt 0:00:01]} Rf3 {[%emt 0:00:00]} 35. Qd4 {[%emt 0:00:01]} Rd3+ {[%emt 0:00:01]} 36. Qxd3 {[%emt 0:00:01]} exd3 {[%emt 0:00:00]} 37. Re7 {[%emt 0:00:01]} Qf5 {[%emt 0:00:01]} 0-1

[Event "Stay Safe Play From Home 295"]
[Site "Emanuel Lasker Arena"]
[Date "2020.07.12"]
[Round "2"]
[White "Mamba2001de"]
[Black "Parth11"]
[Result "0-1"]
[WhiteElo "1492"]
[BlackElo "1360"]
[Annotator "NA"]
[PlyCount "110"]
[EventDate "2020.07.12"]
[EventType "swiss (blitz)"]

1. e4 {[%emt 0:00:01]} e6 {[%emt 0:00:02]} 2. Nf3 {[%emt 0:00:00]} d6 {[%emt 0:00:00]} 3. d4 {[%emt 0:00:01]} d5 {[%emt 0:00:00]} 4. e5 {[%emt 0:00:01]} Nc6 {[%emt 0:00:02]} 5. Bd3 {[%emt 0:00:00]} Bd7 {[%emt 0:00:00]} 6. O-O {[%emt 0:00:01]} Be7 {[%emt 0:00:01]} 7. Re1 {[%emt 0:00:01]} h6 {[%emt 0:00:00]} 8. c3 {[%emt 0:00:01]} f6 {[%emt 0:00:00]} 9. Be3 {[%emt 0:00:01]} fxe5 {[%emt 0:00:01]} 10. Nxe5 {[%emt 0:00:01]} Nxe5 {[%emt 0:00:01]} 11. dxe5 {[%emt 0:00:01]} c6 {[%emt 0:00:00]} 12. Bf4 {[%emt 0:00:01]} Bg5 {[%emt 0:00:03]} 13. Bxg5 {[%emt 0:00:02]} Qxg5 {[%emt 0:00:00]} 14. Qf3 {[%emt 0:00:01]} Ne7 {[%emt 0:00:01]} 15. Qg3 {[%emt 0:00:01]} Qxg3 {[%emt 0:00:03]} 16. hxg3 {[%emt 0:00:01]} g5 {[%emt 0:00:00]} 17. Nd2 {[%emt 0:00:01]} O-O-O {[%emt 0:00:00]} 18. Nf3 {[%emt 0:00:01]} Nf5 {[%emt 0:00:00]} 19. Nd4 {[%emt 0:00:02]} Nxd4 {[%emt 0:00:02]} 20. cxd4 {[%emt 0:00:01]} b6 {[%emt 0:00:01]} 21. Ba6+ {[%emt 0:00:02]} Kc7 {[%emt 0:00:00]} 22. a4 {[%emt 0:00:00]} Bc8 {[%emt 0:00:02]} 23. Bxc8 {[%emt 0:00:02]} Rxc8 {[%emt 0:00:01]} 24. a5 {[%emt 0:00:00]} Rcf8 {[%emt 0:00:01]} 25. axb6+ {[%emt 0:00:01]} Kxb6 {[%emt 0:00:01]} 26. Ra2 {[%emt 0:00:02]} Ra8 {[%emt 0:00:01]} 27. Rea1 {[%emt 0:00:01]} Kb7 {[%emt 0:00:00]} 28. Ra6 {[%emt 0:00:03]} Rhc8 {[%emt 0:00:01]} 29. R6a4 {[%emt 0:00:01]} Rc7 {[%emt 0:00:01]} 30. Rb4+ {[%emt 0:00:01]} Kc8 {[%emt 0:00:01]} 31. Rb3 {[%emt 0:00:00]} Rb8 {[%emt 0:00:01]} 32. Rf3 {[%emt 0:00:00]} Rb6 {[%emt 0:00:01]} 33. Rf8+ {[%emt 0:00:01]} Kb7 {[%emt 0:00:00]} 34. Ra2 {[%emt 0:00:01]} Rxb2 {[%emt 0:00:00]} 35. Rxb2+ {[%emt 0:00:02]} Ka6 {[%emt 0:00:00]} 36. Ra2+ {[%emt 0:00:01]} Kb5 {[%emt 0:00:00]} 37. Rf6 {[%emt 0:00:01]} Kc4 {[%emt 0:00:00]} 38. Rxe6 {[%emt 0:00:01]} Kxd4 {[%emt 0:00:00]} 39. Rxh6 {[%emt 0:00:01]} Kxe5 {[%emt 0:00:00]} 40. Rh5 {[%emt 0:00:01]} c5 {[%emt 0:00:00]} 41. Rxg5+ {[%emt 0:00:01]} Kd4 {[%emt 0:00:00]} 42. Rd2+ {[%emt 0:00:01]} Kc4 {[%emt 0:00:01]} 43. Rgxd5 {[%emt 0:00:01]} Kb4 {[%emt 0:00:01]} 44. Rb2+ {[%emt 0:00:01]} Kc3 {[%emt 0:00:01]} 45. Rdd2 {[%emt 0:00:01]} c4 {[%emt 0:00:01]} 46. Rbc2+ {[%emt 0:00:00]} Kb3 {[%emt 0:00:01]} 47. Rb2+ {[%emt 0:00:01]} Kc3 {[%emt 0:00:00]} 48. Ra2 {[%emt 0:00:01]} Kb3 {[%emt 0:00:01]} 49. Rdc2 {[%emt 0:00:01]} c3 {[%emt 0:00:00]} 50. Rab2+ {[%emt 0:00:01]} Kc4 {[%emt 0:00:00]} 51. Ra2 {[%emt 0:00:02]} Kd4 {[%emt 0:00:01]} 52. Ra6 {[%emt 0:00:01]} Kd3 {[%emt 0:00:00]} 53. Raa2 {[%emt 0:00:02]} Rb7 {[%emt 0:00:02]} 54. Kf1 {[%emt 0:00:00]} Rb1+ {[%emt 0:00:04]} 55. Rc1 {[%emt 0:00:00]} Rxc1# {[%emt 0:00:01] (Lag: Av=0.78s, max=5.0s)} 0-1